Multiple Word Capital Cities - Statistics

General Stats
  • This quiz has been taken 411 times
  • The average score is 23 of 31
Answer Stats
Continent Answer % Correct
South America Buenos Aires
88%
North America Mexico City
88%
South America La Paz
87%
North America Panama City
85%
Europe Vatican City
84%
North America Guatemala City
83%
North America Port-au-Prince
81%
Europe San Marino
81%
Europe Andorra la Vella
79%
Asia Kuala Lumpur
78%
Asia New Delhi
78%
Oceania Port Moresby
78%
North America Santo Domingo
78%
North America San Salvador
76%
North America Port-of-Spain
75%
North America San José
75%
North America Washington D.C.
75%
Asia Abu Dhabi
74%
Africa Addis Ababa
73%
Africa Cape Town
72%
Asia Kuwait City
71%
Asia Bandar Seri Begawan
67%
North America Saint John's
67%
North America Saint George's
66%
Asia Sri Jayawardenapura Kotte
66%
Asia Phnom Penh
64%
Africa São Tomé
64%
Oceania Port Vila
62%
Africa Port Louis
61%
Africa Porto-Novo
56%
Oceania South Tarawa
48%
No matching quizzes found
Score Distribution
Percent of People with Each Score
Percentile by Number Answered
Your Score History
You have not taken this quiz